000 00605nam a2200169Ia 4500
008 090711s9999 xx 000 0 und d
082 _b12513
100 _aSाौधरी पी. व्ही.
245 _aअभिनव पाकशास्त्र
260 _bएन. के. पब्लिशिंग हाऊस
_c1958
300 _a36
600 _aSाौधरी पी. व्ही.
630 _aअभिनव पाकशास्त्र
700 _aSाौधरी पी. व्ही.
730 _aअभिनव पाकशास्त्र
942 _cBOOK
999 _c308554
_d308554